Statistics for Texas City Skylines

Click here to take the quiz!

General Stats

  • This quiz has been taken 343 times
  • The average score is 8 of 12

Answer Stats

Answer% Correct
Austin
98%
Dallas
89%
Houston
85%
El Paso
82%
San Antonio
74%
Corpus Christi
71%
Fort Worth
71%
Lubbock
53%
Amarillo
51%
Waco
49%
Laredo
35%
Midland
34%

Score Distribution

Percentile by Number Answered

Percent of People with Each Score

Your Score History

You have not taken this quiz